000 00514nam a2200133 a 4500
008 120416s9999 ||||||||||||||||| || u
050 _aTHESIS
100 _aNkamba, Joseph
245 1 4 _aThe role of marketing information systems in the success of mobile telecommunications companies in Z
246 _athe cases of Telecel, Celtel and Zamtel
260 _a2001
350 _a0.00
995 _D0.00
_FCBU-MAIN LIBRARY (Kitwe)
_H1
_I0.00
_UAVAILABLE
_ZUniversity Collection
999 _c56685
_d56685